Twenty to make : knitted mug hugs

Bibliographic Details
Main Author: Pierce Val
Format: Book
Published: London : Search Press , 2013
Subjects:

MARC

LEADER 00000cam a2200000 7i4500
001 0000042399
005 20140819.0
008 140819
020 |a 1844486069 
090 0 0 |a 746.432043   |b PIE 
100 1 |a Pierce Val 
245 1 0 |a Twenty to make :   |b knitted mug hugs   |c Val Pierce 
260 |a London :   |b Search Press ,   |c 2013 
650 0 |a Knitting. 
650 0 |a Product. 
999 |a 0001292936   |b Book   |c Adult Collection   |e Perbadanan Perpustakaan Awam Johor